Подробности
| 000 -МАРКЕР |
| контрольное поле |
04187njm0a22005171 4500 |
| 001 - ИДЕНТИФИКАТОР ЗАПИСИ |
| контрольное поле |
RU\NLR\ONIZ\214475 |
| 005 - ИДЕНТИФИКАТОР ВЕРСИИ |
| контрольное поле |
20250708192703.0 |
| 035 ## - ДРУГИЕ СИСТЕМНЫЕ НОМЕРА |
| Идентификатор записи |
(NLR Aleph) 011200809 |
| 035 ## - ДРУГИЕ СИСТЕМНЫЕ НОМЕРА |
| Идентификатор записи |
RU\NLR\ONIZ\GALA\5000028555\20160816130608 |
| 071 00 - ИЗДАТЕЛЬСКИЙ НОМЕР |
| Номер, присвоенный агентством |
A10-00373-4 |
| 100 ## - ДАННЫЕ ОБЩЕЙ ОБРАБОТКИ |
| Данные общей обработки |
20160816d1988 |||y0rusy50 ca |
| 102 ## - СТРАНА ПУБЛИКАЦИИ ИЛИ ПРОИЗВОДСТВА |
| Страна публикации |
Российская Федерация |
| 126 ## - ПОЛЕ КОДИРОВАННЫХ ДАННЫХ: ЗВУКОЗАПИСИ - ФИЗИЧЕСКИЕ ХАРАКТЕРИСТИКИ |
| Кодированные данные звукозаписи (общие) |
abuxexu ux |
| Кодированные данные звукозаписи (уточнения) |
xxx |
| 127 ## - ПОЛЕ КОДИРОВАННЫХ ДАННЫХ: ПРОДОЛЖИТЕЛЬНОСТЬ ЗВУКОЗАПИСЕЙ И НОТНЫХ ИЗДАНИЙ (МУЗЫКАЛЬНОЕ ИСПОЛНЕНИЕ) |
| Продолжительность |
000045 |
| 135 ## - ПОЛЕ КОДИРОВАННЫХ ДАННЫХ: ЭЛЕКТРОННЫЕ РЕСУРСЫ |
| Кодированные данные для электронного ресурса |
honoannnanndn |
| 200 1# - ЗАГЛАВИЕ И СВЕДЕНИЯ ОБ ОТВЕТСТВЕННОСТИ |
| Основное заглавие |
[Концерт] Сергея Стадлера, скрипка |
| Общее обозначение материала |
Звукозапись |
| Первые сведения об ответственности |
сопровожд.: Акад. симф. орк. Ленингр. филармонии. дир. В. Понькин |
| 210 ## - ПУБЛИКАЦИЯ, РАСПРОСТРАНЕНИЕ И ДР. |
| Место издания, распространения и т.д. |
М. |
| Имя издателя, распространителя и т. д. |
Мелодия |
| Дата издания, распространения и т.д. |
1988 |
| 215 ## - ФИЗИЧЕСКАЯ ХАРАКТЕРИСТИКА |
| Специфическое обозначение материала и объем |
1 зв. диск [ГОСТ 5289-80](45 мин): 33 об/ мин, стерео; 30 см, в конв. |
| 325 ## - ПРИМЕЧАНИЕ О КОПИИ |
| Текст примечания |
Копия доступна в Электрон. б-ке РНБ |
| 327 1# - ПРИМЕЧАНИЯ О СОДЕРЖАНИИ |
| Текст примечания |
Хаванез : Пьеса для скрипки с оркестром : соч. 83 / К. Сен-Санс. |
| -- |
Цыганка : Концертная рапсодия для скрипки с орк. / М. Равель. |
| -- |
Поэма : для скрипки с орк. : соч. 25 / Э. Щоссон. |
| -- |
Интродукция и рондо каприччиозо : для скрипки с оркестром : соч. 28 / К. Сен-Санс |
| 464 #0 - АНАЛИТИЧЕСКИЙ УРОВЕНЬ |
| Встроенное поле |
2001#$aХаванез$eПьеса для скрипки с оркестром$eсоч. 83$fК. Сен-Санс |
| -- |
686##$aЩ955.4-058.9(4Фр)$vLBC/SL$2rubbk |
| -- |
700#1$9z01790$aСен-Санс$bК.$gКамилл$f1835-1921$4230 |
| -- |
790#1$9z01700$aSaint-Saëns$bC.$gCamille$f1835-1921$4230 |
| Заглавие |
Хаванез |
| Автор |
Сен-Санс, Камилл (1835-1921) |
| 464 #0 - АНАЛИТИЧЕСКИЙ УРОВЕНЬ |
| Встроенное поле |
2001#$aЦыганка$eКонцертная рапсодия для скрипки с орк.$fМ. Равель |
| -- |
686##$aЩ955.4-051(4Фр)$vLBC/SL$2rubbk |
| -- |
700#1$9z01790$aРавель$bМ.$gМорис$f1875-1937$4230 |
| -- |
790#1$9z01700$aRavel$bM.$gMaurice$f1875-1937$4230 |
| Заглавие |
Цыганка |
| Автор |
Равель, Морис (1875-1937) |
| 464 #0 - АНАЛИТИЧЕСКИЙ УРОВЕНЬ |
| Встроенное поле |
2001#$aПоэма$eдля скрипки с орк.$eсоч. 25$fЭ. Щоссон |
| -- |
686##$aЩ955.4-051(4Фр)$vLBC/SL$2rubbk |
| -- |
700#1$9z01790$aШоссон$aШоссон$bЭ.$bЭ.$gЭрнест$gЭрнест$f1855-1899$f1855-1899$4230 |
| -- |
790#1$9z01700$aChausson$aChausson$bE.$bE.$gErnest$gErnest$f1855-1899$f1855-1899$4230 |
| Заглавие |
Поэма |
| Автор |
Шоссон, Эрнест (1855-1899) |
| 464 #0 - АНАЛИТИЧЕСКИЙ УРОВЕНЬ |
| Встроенное поле |
2001#$aИнтродукция и рондо каприччиозо$eдля скрипки с оркестром$eсоч. 28$fК. Сен-Санс |
| -- |
686##$aЩ955.4-056(4Фр)$vLBC/SL$2rubbk |
| -- |
700#1$9z01790$aСен-Санс$bК.$gКамилл$f1835-1921$4230 |
| -- |
790#1$9z01700$aSaint-Saëns$bC.$gCamille$f1835-1921$4230 |
| Заглавие |
Интродукция и рондо каприччиозо |
| Автор |
Сен-Санс, Камилл (1835-1921) |
| 606 1# - НАИМЕНОВАНИЕ ТЕМЫ КАК ПРЕДМЕТ |
| Наименование темы |
Исполнительское искусство скрипачи |
| Тематический подзаголовок |
Звукозапись |
| Хронологический подзаголовок |
20 в. |
| Географический подзаголовок |
Россия |
| Код системы |
nlr_sh |
| 686 ## - ИНДЕКСЫ ДРУГИХ КЛАССИФИКАЦИЙ |
| Индекс |
Щ955.4, 8(3) |
| Издание |
LBC/SL |
| Код системы |
|
| 700 #1 - ИМЯ ЛИЦА - ПЕРВИЧНАЯ ОТВЕТСТВЕННОСТЬ |
| Системный номер авторитетной/нормативной записи |
z02790 |
| Начальный элемент ввода |
Стадлер |
| Часть имени, кроме начального элемента ввода |
С. В. |
| Даты |
1962- |
| Расширение инициалов личного имени |
Сергей Валентинович |
| Код отношения |
Исполнитель |
| -- |
|
| 702 #1 - ИМЯ ЛИЦА - ВТОРИЧНАЯ ОТВЕТСТВЕННОСТЬ |
| Системный номер авторитетной/нормативной записи |
z03790 |
| Начальный элемент ввода |
Понькин |
| Часть имени, кроме начального элемента ввода |
В. А. |
| Даты |
1951- |
| Расширение инициалов личного имени |
Владимир Александрович |
| Код отношения |
Дирижер, Руководитель оркестра |
| 712 02 - НАИМЕНОВАНИЕ ОРГАНИЗАЦИИ - ВТОРИЧНАЯ ОТВЕТСТВЕННОСТЬ |
| Начальный элемент ввода |
Академический симфонический оркестр Ленинградской государственной филармонии |
| Код отношения |
Исполнитель |
| 790 #1 - ИМЯ ЛИЦА - АЛЬТЕРНАТИВНАЯ ФОРМА |
| Системный номер авторитетной/нормативной записи |
z02700 |
| Начальный элемент ввода |
Stadler |
| -- |
Stadler |
| Часть имени, кроме начального элемента ввода |
S. V. |
| -- |
S. V. |
| Даты |
1962 |
| -- |
1962 |
| Расширение инициалов личного имени |
Sergej Valentinovich |
| -- |
Sergej Valentinovich |
| Код отношения |
Исполнитель |
| -- |
|
| 790 #1 - ИМЯ ЛИЦА - АЛЬТЕРНАТИВНАЯ ФОРМА |
| Системный номер авторитетной/нормативной записи |
z03702 |
| Начальный элемент ввода |
Pon'kin |
| Часть имени, кроме начального элемента ввода |
V. |
| Даты |
1951- |
| Расширение инициалов личного имени |
Vladimir |
| Код отношения |
Дирижер, Руководитель оркестра |
| 801 #0 - ИСТОЧНИК ЗАПИСИ |
| Страна |
Российская Федерация |
| Организация |
NLR |
| Дата составления |
20160816 |
| Правила каталогизации |
PSBO |
| 801 #1 - ИСТОЧНИК ЗАПИСИ |
| Страна |
Российская Федерация |
| Организация |
NLR |
| Дата составления |
20160816 |
| Источник данных |
rusmarc |
| 801 #2 - ИСТОЧНИК ЗАПИСИ |
| Страна |
Российская Федерация |
| Организация |
NLR |
| Дата составления |
20160824 |
| 852 ## - МЕСТОНАХОЖДЕНИЕ И ШИФР ХРАНЕНИЯ |
| Идентификатор организации |
NLR |
| Наименование фонда или коллекции (Sub-Location Identifier) |
Мг |
| Шифр хранения (Call Number) |
3/8170 |
| Страна |
|
| Номер экземпляра |
1 |
| 856 #0 - МЕСТОНАХОЖДЕНИЕ ЭЛЕКТРОННЫХ РЕСУРОВ И ДОСТУП К НИМ |
| Универсальный идентификатор ресурса (Uniform Resource Identifier) |
http://vivaldi.nlr.ru/mk000000378/view |
| 856 #1 - МЕСТОНАХОЖДЕНИЕ ЭЛЕКТРОННЫХ РЕСУРОВ И ДОСТУП К НИМ |
| Универсальный идентификатор ресурса (Uniform Resource Identifier) |
http://vivaldi.nlr.ru/mk000000378/cover |
| 856 #2 - МЕСТОНАХОЖДЕНИЕ ЭЛЕКТРОННЫХ РЕСУРОВ И ДОСТУП К НИМ |
| Универсальный идентификатор ресурса (Uniform Resource Identifier) |
http://vivaldi.nlr.ru/mk000000378/text |
| 942 ## - ДОПОЛНИТЕЛЬНЫЕ ЭЛЕМЕНТЫ ЗАПИСИ (АБИС) |
| Тип экземпляра АБИС |
Звукозапись |
| 980 ## - КОЛЛЕКЦИЯ |
| Название коллекции |
Национальная библиография |
| 980 ## - КОЛЛЕКЦИЯ |
| Название коллекции |
Отдел нот и звукозаписей |
| 981 24 - КОЛЛЕКЦИЯ ЭЛЕКТРОННОЙ БИБЛИОТЕКИ |
| Название коллекции |
Нотные издания и аудиозаписи |
| Название подколлекции |
Грампластинки |